Obytný přívěs KAPR-1

Podrobná bibliografia
Hlavní autori: Tůma, Jiří (Autor), Cafourek, Vladimír (Autor)
Médium: Kniha
Jazyk:čeština
Fyzický popis:51 s. 33 sch. príl. fotogr., sch. 30 cm
Vydavateľské údaje: Bratislava Praha Alfa Propagační tvorba 1980
Vydanie:1. vyd.
Edícia:Urob si sám
Predmet:

MARC

LEADER 00000cam a2200000 a 4500
001 vtls001098389
003 SK-MaSNL
005 20260301001220.0
008 250313s1980 xo oa g f 000 0 cze
015 |a SNBA1982/06 
035 |a SNK000041231 
035 |a urn:nbn:sk:snk-aml9b6 
035 |a urn:nbn:sk:snk-am008rpw 
035 |a D72DCE8A-C0AC-4114-81BA-6291D5FFF293 
040 |a SNK  |b slo  |c SNK  |e AACR2 
041 0 |a cze 
044 |a xo  |a xr  |c SK  |c CZ 
080 |a 629.118.7:379.826(083.13)  |2 1981 
080 |a 379.826:629.118.7(083.13)  |2 1981 
100 1 |a Tůma, Jiří  |4 aut  |9 279211 
245 1 0 |a Obytný přívěs KAPR-1  |c Jiří Tůma, Vladimír Cafourek 
250 |a 1. vyd. 
260 |a Bratislava  |b Alfa  |a Praha  |b Propagační tvorba  |c 1980 
300 |a 51 s.  |b 33 sch. príl.  |b fotogr., sch.  |c 30 cm 
366 |e 3000 výt. 
490 1 |a Urob si sám 
500 |a Voľné listy v prebale 
500 |a Spoluvyd. Propagační tvorba, Praha 
650 0 7 |a karavany  |2 SNKPH  |9 115013 
655 7 |a príručky  |2 SNKPH  |9 74364 
700 1 |a Cafourek, Vladimír  |4 aut  |9 279212 
830 0 |a Urob si sám  |9 276794 
852 |a Slovenská národná knižnica 
958 |a OND 
958 |a CZ 
958 |a TL 
999 |c 534417  |d 536347 
952 |a SNK  |b SNK  |y PREZ  |7 0  |p 17A0981371  |o snkSB 33241   |i snkKSP 4370/82  |0 0  |1 0  |4 0  |d 2012-07-19  |f 1  |l 0  |r 2025-04-08 00:00:00  |w 2026-02-23 
952 |t P60, <04>, [BOOK], {604}  |a SNK  |b SNK  |y VYP  |7 0  |p 17A0123343  |o snkSB 33241 D1  |i snkKSP 4371/82  |0 0  |1 0  |4 0  |d 1998-02-12  |l 0  |r 2004-12-31 00:00:00  |w 2026-02-23